200 Foes of Batman! Quiz Stats

 Plays Quiz not verified by Sporcle

Challenge
Share
Tweet
Embed
Score 0/200 Timer 20:00
0 Plays Today
First Appearance Foe % Correct
Batman #1 (April 1940)Joker
99.2%
Batman #1 (April 1940)Catwoman
95%
Detective Comics #140 (October 1948)The Riddler
94.4%
Batman: Vengeance of ____ #1 (January 1993)Bane
93.5%
Detective Comics #66 (August 1942)Two-Face
91.7%
Detective Comics #58 (December 1941)Penguin
91.6%
Batman: The Animated Series S. 1 Ep. 22 (September 1992)Harley Quinn
90.8%
Batman #181 (June 1966)Poison Ivy
89.8%
Batman #232 (June 1971)Ra's al Ghul
89.5%
Batman #357 (March 1983)Killer Croc
87.8%
Detective Comics #40 (June 1940)Clayface
86.5%
Detective Comics #411 (May 1971)Talia al Ghul
86.1%
World's Finest Comics #3 (September 1941)Scarecrow
85.7%
Batman #121 (February 1959)Mr. Freeze
85.3%
Detective Comics #400 (June 1970)Man-Bat
83.9%
Batman #386 (August 1985)Black Mask
79.5%
Batman #49 (October 1948)Mad Hatter
77.9%
Batman #59 (June 1950)Deadshot
77.9%
Detective Comics #36 (February 1940)Hugo Strange
77%
Batman #635 (December 2004)The Red Hood
75.2%
Batman #619 (September 2003)Hush
74.6%
Detective Comics #184 (June 1952)Firefly
74.2%
Batman: Shadow of the Bat #1 (June 1992)Mr. Zsasz
73.5%
New Teen Titans #2 (December 1980)Deathstroke, the Terminator
72.8%
Detective Comics #583 (February 1988)Ventriloquist and Scarface
72.7%
Action Comics #23 (April 1940)President Lex Luthor
71.8%
Detective Comics #33 (November 1939)Joe Chill
71.8%
Batman #63 (February 1951)Killer Moth
70%
Justice League of America #43 (March 1966)The Royal Flush Gang
69.9%
Detective Comics #259 (September 1958)Calendar Man
68.5%
Batman #404 (February 1987)Carmine 'The Roman' Falcone
68.1%
Detective Comics #311 (January 1963)Cat-Man
66.3%
Detective Comics #74 (April 1943)Tweedle Dee & Tweedle Dum
65.8%
All-American Comics #61 (October 1944)Solomon Grundy
63.1%
Richard Dragon, Kung Fu Fighter #5 (December 1975)Lady Shiva
61.6%
Superman's Pal Jimmy Olsen #134 (November 1970)Darkseid
59%
Star Spangled Comics #70 (July 1947)The Clock
56.9%
New Year's Evil: __________ #1 (February 1998)Prometheus
55.1%
Detective Comics #351 (May 1966)Cluemaster
54.2%
Batman #417 (March 1988)KGBeast
54%
Detective Comics #827 (March 2007)Sugar and Scarface
53%
Detective Comics #66 (August 1942)Sal 'The Italian' Maroni
52.8%
Detective Comics #608 (November 1989)Anarky
52.3%
Arkham Asylum: Living Hell #1 (July 2003)Great White Shark
51.9%
Detective Comics #483 (May 1979)Maxie Zeus
51.6%
Batman #666 (July 2007)Professor Pyg
51.3%
World's Finest Comics #111 (August 1960)Clock King
49%
Boy Commandos #15 (May 1946)Crazy Quilt
48.7%
Justice League of America #29 (August 1964)Owlman
47.5%
Detective Comics #345 (November 1965)Blockbuster
47.4%
Detective Comics #585 (April 1988)Ratcatcher
46.2%
Detective Comics #38 (April 1940)Tony 'The Boss' Zucco
44.8%
Detective Comics #463 (September 1976)Calculator
44.8%
Superman #181 (April 2002)Batzarro
44%
Arkham Asylum: Living Hell #1 (July 2003)Humpty Dumpty
44%
Brave and the Bold #78 (June 1968)Copperhead
43.4%
Batman: The Animated Movie (December 1993)Phantasm
42.8%
Batman #133 (August 1960)Kite-Man
41.2%
Batman S. 2 Ep. 13 (October 1966)Egghead
40.4%
Batman: The Animated Series S. 3 Ep. 9 (November 1994)Lock Up
39.6%
Batman #232 (June 1971)Ubu
39.2%
Batman: Shadow of the Bat #1 (June 1992)Jermiah Arkham
39.2%
Detective Comics #469 (May 1977)Rupert Thorne
38.9%
Detective Comics #469 (May 1977)Dr. Phosphorus
38.7%
Batman: The Long Halloween #1 (August 1996)Holiday
38.2%
Batman S. 2 Ep. 8 (September 1966)King Tut
37.6%
Batman #673 (June 2008)Dr. Hurt
37.5%
First Appearance Foe % Correct
Detective Comics #29 (July 1939)Dr. Death
36.8%
Batman #331 (January 1981)The Electrocutioner
36.6%
Detective Comics #463 (September 1976)Black Spider
35.6%
Batman vs. _______ (October 2005)Dracula
35.6%
Batman #401 (November 1986)Magpie
33.8%
Detective Comics #253 (March 1958)Terrible Trio
33%
Batman: The Animated Series S. 1 Ep. 15 (September 1992)Red Claw
32.5%
Batman: Shadow of the Bat #3 (August 1992)Amygdala
32.1%
Flash Comics #88 (October 1947)Gentleman Ghost
31.9%
Detective Comics #81 (November 1943)The Cavalier
31.6%
Detective Comics #31 (September 1939)The Monk
31.2%
Robin #4 (February 1991)King Snake
31%
Batman #567 (July 1999)David Cain
31%
Animated Series S. 3 Ep. 10 (November 1993)Condiment King
30.1%
Strange Adventures #215 (December 1968)Sensei
30%
Strange Adventures #215 (December 1968)The League of Assassins
29.8%
Batman Special #1 (June 1984)The Wrath
29.6%
The Dark Knight #1 (October 2011)The White Rabbit
29.2%
Detective Comics #575 (June 1987)The Reaper
28.4%
Batman #579 (July 2000)Orca
28.1%
Batman Beyond S. 1 Ep. 1 (January 1999)Jokerz
27.9%
Batman Beyond S. 1 Ep. 3 (January 1999)Inque
27.5%
Batman: Shadow of the Bat #19 (October 1993)Tally Man
27.3%
Detective Comics #2 (November 2011)Dollmaker
27.2%
Batman and Robin #1 (August 2009)Circus of Strange
26.8%
Batman: The Dark Knight Returns #2 (March 1986)Mutant Leader
26.6%
Batman #318 (December 1979)Firebug
26.5%
Detective Comics #358 (December 1966)Spellbinder
26.2%
Batman #656 (October 2006)The Three Replacement Batmen
25.8%
Batman #112 (December 1957)Signalman
25.6%
Batman: The Cult #1 (August 1988)Deacon Blackfire
25.5%
Batman Returns (June 1992)Max Shrek
25.5%
Arkham Asylum: Living Hell #1 (July 2003)Jane Doe
25.2%
Detective Comics #666 (December 1993)Trigger Twins
24.9%
Detective Comics #77 (July 1943)The Crime Doctor
24.2%
Batman #666 (July 2007)Flamingo
23.9%
Batman: The Animated Series S. 1 Ep. 6 (October 1992)Sewer King
23.8%
Batman #395 (May 1986)Film Freak
23.6%
Batman #226 (November 1970)Ten Eyed Man
23.4%
Batman #445 (March 1990)NKVDemon
23.4%
Robin #1 (January 1991)Lynx
23.1%
Batman Beyond S. 1 Ep. 2 (January 1999)Blight
22.8%
Batman #363 (September 1983)Nocturna
22.4%
World Finest Comics #30 (September 1947)Penny Plunderer
22.3%
Batman #404 (February 1987)Comissioner Loeb
22.2%
Batman: Dark Victory #1 (August 1999)Hangman
22.1%
Justice League of America #41 (December 1965)The Key
21.7%
Batman: Arkham Asylum (August 2009)Mayor Quincy Sharp
21.5%
Detective Comics #247 (September 1957)Professor Milo
21.3%
Detective Comics #334 (December 1964)The Outsider
21.2%
Detective Comics #783 (August 2003)Nyssa Raatko
21%
Batman: Rise of _______ (October 2003)Sin Tzu
21%
Batman #582 (October 2000)Zeiss
20.6%
Black Lightning #1 (April 1977)Tobias Whale
20.3%
Detective Comics #592 (November 1988)Cornelius Stirk
19.8%
Detective Comics #712 (August 1997)Gearhead
19.4%
Detective Comics #261 (November 1958)Dr. Double X
19%
Detective Comics #654 (December 1992)The General
19%
Nightwing #8 (May 1997)Nite-Wing
18.6%
Batman #404 (February 1987)Detective Flass
18.3%
Batman Inc. #1 (July 2012)Goatboy
17.6%
Batmna #669 (November 2007)Club of Villains
17%
Detective Comics #434 (April 1973)The Spook
16.8%
Nightwing #4 (Janaury 1997)Lady Vic
16.6%
Batman Beyond S. 1 Ep. 7 (March 1999)Shriek
16.5%
Detective Comics #27 (May 1939)Alfred Stryker
15.9%
Detective Comics #625 (January 1991)Abattoir
15.8%
First Appearance Foe % Correct
Batman and Robin #21 (April 2011)White Knight
15.7%
Detective Comics #599 (April 1989)Henri Ducard
15.3%
Batman (June 1989)Bob
15.3%
Azrael: Agent of the Bat #47 (December 1998)Nicholas Scratch
15.3%
Batman #656 (October 2006)Jezebel Jet
15.3%
Detective Comics #275 (January 1960)Zebra Man
15.2%
Batman: The Dark Knight Returns #3 (April 1986)Bruno
15.1%
Detective Comics #235 (November 1956)Lew Moxon
14.9%
Detective Comics #300 (February 1962)Mr. Polka Dot
14.8%
Batgirl #70 (January 2006)Lazara
14.5%
Batman #188 (December 1966)The Eraser
14.4%
Detective Comics #460 (June 1976)Captain Stingaree
13.9%
Nightwing #1 (October 1996)Torque
13.8%
Arkham Asylum: Living Hell #1 (July 2003)Doodlebug
13.4%
Batman Annual #26 (June 2008)White Ghost
13.3%
Detective Comics #618 (July 1990)Obeah Man
13.2%
Detective Comics #147 (May 1949)Tiger Shark
12.8%
Batman #180 (May 1966)Lord Death Man
12.8%
Detective Comics #354 (August 1966)Dr. Tzin Tzin
12.1%
Nightwing #22 (July 1998)Brutale
12%
Batman/Huntress: Cry for Blood #1 (June 2000)Franco Bertinelli
12%
Batman Beyond S. 1 Ep. 19 (October 1999)Stalker
11.8%
Batman #134 (September 1960)Rainbow Beast
11.6%
Batman S. 1 Ep. 29 (April 1966)Bookworm
11.5%
Batman #412 (October 1987)The Mime
11.2%
Batman: The Long Halloween #1 (August 1996)Mario Falcone
11.2%
Detective Comics #743 (April 2000)Kyle Abbot & Whisper A'Daire
10.9%
Batman and Robin (May 1949)The Wizard
10.8%
Detective Comics #681 (Janaury 1995)Steeljacket
10.8%
Superman's Pal Jimmy Olsen #139 (March 1971)Bruno Mannheim
10.7%
Detective Comics #511 (February 1982)Mayor Hill
10.6%
Batman and Robin #8 (April 2010)Old King Coal
10.6%
Batman: Sword of Azrael #1 (October 1992)Biis
10.4%
Detective Comics #583 (February 1988)Rhino
9.9%
Catwoman Annual #2 (June 1995)Hellhound
9.9%
Detective Comics #323 (January 1964)Zodiac Master
9.7%
Batman #627 (July 2004)Fright
9.6%
Batman #170 (March 1965)The Getaway Genius
9.3%
The Batman S. 1 Ep. 3 (September 2004)Kabuki Twins
9.3%
Batman: No Man's Land #1 (March 1999)Lo Boyz
9.2%
The Batman S. 1 Ep. 12 (April 2005)Punch & Judy
9.1%
Robin #121 (February 2004)Johnny Warlock
8.8%
The Batman S. 3 Ep. 39 (May 2006)D.A.V.E.
8.8%
Batman Inc. #3 (March 2011)Dr. Dedalus
8.8%
Detective Comics #511 (February 1982)Mirage
8.8%
Detective Comics #685 (May 1995)Silver Monkey
8.5%
Detective Comics #296 (October 1961)Planet Master
8.3%
The Batman S. 4 Ep. 43 (November 2006)Everywhere Man
7%
Batman Beyond S. 1 Ep. 12 (May 1999)Curare
6.7%
The Batman Serial (July 1943)Dr. Daka
6.4%
Batman #475 (March 1992)Street Demonz
6.4%
Gotham Underground #3 (February 2008)Johnny Stitches
6.1%
Detective Comics #319 (September 1963)Dr. No-Face
5.9%
Robin #1 (November 1993)Baffler
5.7%
Batman Beyond S. 1 Ep. 2 (January 1999)Mr. Fixx
5.7%
The Batman S. 4 Ep. 51 (April 2007)The Joining
5.7%
Detective Comics #846 (September 2008)Dr. Aesop
5.5%
The Batman S. 4 Ep. 45 (November 2006)Number One
4.7%
Batman Beyond S. 1 Ep. 22 (November 1999)Mad Stan
4.6%
Batman and Robin #7 (March 2010)Pearly Prince
4.5%
Detective Comics #350 (April 1966)Monarch of Menace
4.1%
Detective Comics #742 (March 2000)Odessa Mob
4.1%
Detective Comics #355 (September 1966)Hooded Hangman
4%
Detective Comics #587 (June 1988)Corossive Man
4%
The Batman S. 1 Ep. 27 (September 2005)Temblor
2.9%
Detective Comics #352 (June 1966)Mr. Esper
1.4%

You're not logged in!

Compare scores with friends on all Sporcle quizzes.
OR
Log In

You Might Also Like...

Show Comments

Extras

Top Quizzes Today


Score Distribution

Your Account Isn't Verified!

In order to create a playlist on Sporcle, you need to verify the email address you used during registration. Go to your Sporcle Settings to finish the process.

Report this User

Report this user for behavior that violates our Community Guidelines.

Details: